| 000 | 01729nam a22002537a 4500 | ||
|---|---|---|---|
| 003 | OSt | ||
| 005 | 20240530174222.0 | ||
| 008 | 240207t2016 ck |||e |||| 00| fdspa d | ||
| 020 | _a9789589007402 | ||
| 037 | _3Donación | ||
| 040 |
_aCO-JMCR _cCO-JMCR _dCO-JMCR _erda _bspa |
||
| 041 | 0 | _aspa | |
| 082 | 0 | 4 |
_223 _a154.6 _bA66m |
| 100 | 1 |
_aArango, Elsa Lucia , _eautor _943228 _cDra. _d1959- |
|
| 245 | 1 |
_aMundos invisibles : _buna guía para comprender el viaje del alma de regreso a su hogar y conectarnos con la esperanza / _cElsa Lucía Arango |
|
| 260 |
_aBogotá : _bPenguin random house , _c©2016 |
||
| 300 |
_a304 páginas ; _c23 cm. |
||
| 500 | _aIncluye biografía del autor | ||
| 520 | _a[Este nuevo libro, de un ser tan luminoso como Elsa Lucía Arango, será un gran paliativo para los que cargan el fardo de un duelo mal llevado, un faro para muchachos navegantes, un remanso en el infortunio y una ayuda para sanar los estropicios que deja la muerte cuando no la aceptamos con paz, amor y desapego" A raíz de la publicación del libro Experiencias con el cielo. Elsa Lucía Arango ha recibido múltiples preguntas de sus lectores: ¿cómo es el cielo? Qué se hace en el cielo? ¿Qué ocurre con los que no van al cielo ¿Qué es el alma? ¿Qué son los pactos de las almas? ¿Decidimos nuestra muerte? Este libro intenta contestar muchos de esos interrogantes a partir de los asombrosos testimonios de personas que han percibido las señales sutiles de los mundos invisibles que nos rodean. ] | ||
| 650 | 1 | 4 |
_2JMCR _aExperiencias en el cielo _vRelatos _943229 |
| 650 | 2 | 4 |
_2JMCR _aCielo en la literatura _xReligión _943230 |
| 650 | 3 | 4 |
_2JMCR _aVida después de la muerte _xAlmas _943231 |
| 942 |
_2ddc _cBK |
||
| 999 |
_c30519 _d16903 |
||